1565 1809 1531 1721 1875 1834 1398 1959 1856 1050 1507 1101 1348 1853 1916 1043 1312 1797 1545 1979 1206 1500 1696 1648 1092 1135 1292 1295 1301 1869 1690 1698 1764 1845 1013 1728 1637 1824 1687 1885 1168 1379 1258 1101 1822 1776 1881 1513 1970 1954 1182 1201 1909 1152 1496 1375 1057 1125 1428 1876 1196 1762 1125 1722 1634 1076 1355 1635 1303 1860 1824 1465 1989 1198 1817 1667 1725 1090 1704 1945 1486 1153 1299 1106 1576 1402 1200 1281 1458 1604 1553 1288 1699 1127 1190 1740 1092 1518 1682 BCNSPRNW ULIB Ver.6.0+V

เปลี่ยนเป็นภาษาไทย

Change to English
 แสดงรายละเอียดบรรณานุกรม
  กลับหน้าหลัก

Brief Record : Get Marc (ISO 2709) : E-mail record : QR code < ปิดหน้าต่าง
LEADER : 00000nam 2200000uu 4500
001    13399111693
003     ULIB
008    110706s2554||||th 000 0 tha d
020    9786165001380
090    นว.^bล258ด 2554
100 0   ลัลล์ลลิล
245 00  ดวงใจแห่งโรม/^cลัลล์ลลิล
260    กรุงเทพฯ :^bพิมพ์คำ,^c2554
300    552 หน้า
945    ^p300^l0^i18286
995     เกษร
999     ^aใช้งานได้ทุกระบบ
รายการนี้ยังไม่มีแท็ก
คุณยังไม่ได้ล็อกอิน คุณสามารถมีกิจกรรมร่วมกับเว็บไซต์ได้ แต่ต้องล็อกอินก่อน ::
  ล็อกอิน

รายการสื่อสารสนเทศ

ลำดับที่ ประเภท เลขเรียก/บาร์โค้ด สถานที่ สถานะ
1. วิทยาศาสตร์การแพทย์ และสุขภาพ
วิทยาศาสตร์การแพทย์ และสุขภาพ
นว. ล258ด 2554  
  Barcode: 18286
ห้องสมุดวิทยาเขตสวรรค์ประชารักษ์
►นวนิยาย
บนชั้น
  ขอยืม

รายการใกล้เคียง
    ผู้แต่ง [ลัลล์ลลิล]

BibComment


ยังไม่เคยถูกคอมเมนท์

คอมเมนท์ทรัพยากรรายการนี้
  คอมเมนท์: ดวงใจแห่งโรม ลัล..


 Copyright 2026. Bcnsprnw @Library